000 02419nam a2200373Ia 4500
001 dia_6062
003 CHAP
005 20230425121319.0
008 220117s2011 xx 000 0 und d
010 _a177269
020 _a978-607-310-737-2
040 _cCHAP
082 _a808.838762 B73 F34 2011
100 _aBradbury, Ray
_914946
245 _aFahrenheit 451 /
_c Ray Bradbury ; traducción Alfredo Crespo
250 _a2a ed.
260 _aMéxico :
_b Random House Mondadori,
_c2011
300 _a174 p.
440 _aDeBolsillo Contemporánea (Penguin Random House)
_9160717
503 _aC.
520 2 _aFahrenheit 451 es una novela distópica del escritor estadounidense Ray Bradbury, publicada en 1953 y considerada una de sus mejores obras.​ La novela presenta una sociedad estadounidense del futuro en la que los libros están prohibidos y existen «bomberos» que queman cualquiera que encuentren. En la escala de temperatura Fahrenheit (°F), 451 grados equivalen a 232,8 °C y su significado se explica en el subtítulo de la obra: «Fahrenheit 451: la temperatura a la que el papel de los libros se inflama y arde». El protagonista del relato es un bombero llamado Montag que acaba por cansarse de su papel como censurador de conocimiento, decide renunciar a su trabajo y finalmente se une a un grupo de resistencia que se dedica a memorizar y compartir las mejores obras literarias del mundo. La novela ha sido objeto de interpretaciones que se enfocan en el papel histórico que ha tenido la quema de libros para reprimir ideas disidentes. En una entrevista de radio de 1956, Bradbury afirmó haber escrito Fahrenheit 451 por sus preocupaciones durante la era McCarthy de la amenaza de quema de libros en los Estados Unidos. En años posteriores lo describió como un comentario sobre la forma en que los medios de comunicación de masas reducen el interés por la literatura.
590 _aPQ6256.S3 F34 2011
650 0 _aAmerican literature
_y20th century
_9153260
650 _aBook burning
_xFiction
_9160718
650 _aCensura
_xNovela
_9160719
650 _aFiction
_9152751
650 0 _aLiteratura americana
_ySiglo XX
_9153261
650 _aNovela
_982011
700 _aCrespo, Alfredo, tr.
_9140416
901 _a808.838762 B73 F34 2011
902 _aA
905 _a5232272011 mx x 9222223332spa16
942 _cLIBRO
_2ddc
999 _c177269
_d177269